Cultural Synthesis in Medieval India (Record no. 3783)
[ view plain ]
| 000 -LEADER | |
|---|---|
| fixed length control field | 00652nam a2200241 a 4500 |
| 020 ## - INTERNATIONAL STANDARD BOOK NUMBER | |
| ISBN | |
| 082 00 - DEWEY DECIMAL CLASSIFICATION NUMBER | |
| Classification number | 306.0954 |
| Author Cutter | SHE |
| 100 ## - MAIN ENTRY--AUTHOR NAME | |
| Author name | Sherwani, Harun Khan |
| 245 ## - TITLE STATEMENT | |
| Title | Cultural Synthesis in Medieval India |
| 260 ## - PUBLICATION, DISTRIBUTION, ETC. (IMPRINT) | |
| Place of publication | Hyderabad |
| Name of publisher | Inst.Of Indo-Middle East Cultural Studie |
| Year of publication | 0000 |
| 300 ## - PHYSICAL DESCRIPTION | |
| Number of Pages | 28p |
| 500 ## - GENERAL NOTE | |
| General note | includes index and biblioraphy |
| 505 2# - FORMATTED CONTENTS NOTE | |
| Formatted contents note | Hyderabad Fellowship Publications No. 2. |
| 650 ## - SUBJECT ADDED ENTRY--TOPICAL TERM | |
| Topical Term | India-Culture |
| 942 ## - ADDED ENTRY ELEMENTS (KOHA) | |
| Koha item type | Books |
| 700 1# - | |
| -- | Sherwani, Harun Khan |
| Collection code | Home library | Current library | Date acquired | Cost, normal purchase price | Full call number | Accession Number | Koha item type |
|---|---|---|---|---|---|---|---|
| Henry Martyn Institute Library | Henry Martyn Institute Library | 04/04/2007 | 100.00 | 306.0954 SHE | 06318 | Books |
